<?xml version="1.0" encoding="UTF-8"?>
<marc:record xmlns:marc="http://www.loc.gov/MARC21/slim">
   <marc:leader>00000nam a2200000 a 4500</marc:leader>
   <marc:datafield ind1="1" ind2=" " tag="100">
      <marc:subfield code="a">GLASFURD, Guinevere</marc:subfield>
      <marc:subfield code="4">aut</marc:subfield>
      <marc:subfield code="e">Verfasser/-in</marc:subfield>
   </marc:datafield>
   <marc:datafield ind1=" " ind2=" " tag="653">
      <marc:subfield code="a">Amsterdam Mittelalter</marc:subfield>
   </marc:datafield>
   <marc:datafield ind1=" " ind2=" " tag="653">
      <marc:subfield code="a">Mittelalter Holland</marc:subfield>
   </marc:datafield>
   <marc:datafield ind1=" " ind2=" " tag="653">
      <marc:subfield code="a">Mittelalter Amsterdam</marc:subfield>
   </marc:datafield>
   <marc:datafield ind1="0" ind2="0" tag="245">
      <marc:subfield code="a">Worte in meiner Hand.</marc:subfield>
   </marc:datafield>
   <marc:datafield ind1="0" ind2="0" tag="245">
      <marc:subfield code="c">Guinevere GLASFURD</marc:subfield>
   </marc:datafield>
   <marc:datafield ind1=" " ind2="1" tag="264">
      <marc:subfield code="a">München</marc:subfield>
      <marc:subfield code="b">LIST</marc:subfield>
      <marc:subfield code="c">2015</marc:subfield>
   </marc:datafield>
   <marc:datafield ind1="1" ind2=" " tag="520">
      <marc:subfield code="a">Kurzbeschreibung: René Descartes und Helena Jans van der Strom &#x96; eine wahre Geschichte Amsterdam, 1630er Jahre. Helena Jans van der Strom arbeitet als Magd bei einem Buchhändler. Ein großes Glück für sie, denn sie kann lesen und schreiben und geht mit offenen Augen durch die Welt. Der neue Hausgast ihres Herrn fasziniert sie: Er arbeitet ununterbrochen, und Helena ist angewiesen, ihn &#x84;Monsieur&#x93; zu nennen. Der Fremde zieht viele Besucher an, und sie erfährt seinen echten Namen: René Descartes. Sie ist zu neugierig, um Distanz zu wahren. Und auch Descartes ist schon bald von ihrem Charme und Wissensdurst eingenommen.</marc:subfield>
   </marc:datafield>
   <marc:datafield ind1=" " ind2=" " tag="020">
      <marc:subfield code="a">347135123X</marc:subfield>
      <marc:subfield code="9">347135123X</marc:subfield>
   </marc:datafield>
   <marc:datafield ind1=" " ind2=" " tag="300">
      <marc:subfield code="a">432</marc:subfield>
   </marc:datafield>
</marc:record>
